00460 a2200109 4500082001000000100002900010245010100039260008300140300003600223500003400259856005700293 aMIT-2 aSyed Ameer Ahmed Gillani aPerformance Evaluation and Enhancement of TCP in Mobile Adhoc NetworkscSyed Ameer Ahmed Gillani a Isalamabad,bNUST School of Electrical Engineering & Computer Science,c2004. a xvi, 94 p. :b ill. ;c 27 cm. aSupervisor : Dr. S M H Zaidi. uhttp://10.250.8.41:8080/xmlui/handle/123456789/32253